Normal view
MARC view
- Gevers, Michel
Entry Personal Name
001 - CONTROL NUMBER
- control field: 99421
003 - CONTROL NUMBER IDENTIFIER
- control field: NUST
005 - DATE AND TIME OF LATEST TRANSACTION
- control field: 20221007091625.0
008 - FIXED-LENGTH DATA ELEMENTS
- fixed length control field: 221007|| aca||aabn | a|a d
040 ## - CATALOGING SOURCE
- Original cataloging agency: NUST
- Transcribing agency: NUST
100 ## - HEADING--PERSONAL NAME
- Personal name: Gevers, Michel
670 ## - SOURCE DATA FOUND
- Source citation: Work cat.: (NUST)175943: Bitmead, Robert R. 99419, Adaptive optimal control :, c1990.
